Statistics for Name all the countries in alphabetical order

Click here to take the quiz!

General Stats

  • This quiz has been taken 96 times
  • The average score is 155 of 196

Answers on the Map

Answers color-coded by a green-red scale on the quiz's map according to % correct below.
 

Answer Stats

Country% Correct
Afghanistan
97%
Albania
97%
Algeria
97%
Andorra
97%
Angola
93%
Antigua and Barbuda
93%
Argentina
93%
Armenia
93%
Australia
90%
Austria
90%
Azerbaijan
90%
Bahamas
86%
Bahrain
86%
Bangladesh
86%
Barbados
86%
Belarus
86%
Belgium
86%
Belize
86%
Benin
86%
Bhutan
86%
Bolivia
86%
Bosnia and
Herzegovina
86%
Botswana
86%
Brazil
86%
Burkina Faso
86%
Bulgaria
83%
Burundi
83%
Cambodia
83%
Cameroon
83%
Canada
83%
Cape Verde
83%
Central African Republic
83%
Zimbabwe
83%
Brunei
79%
Chad
79%
Chile
79%
China
79%
Colombia
79%
Comoros
79%
Costa Rica
79%
Croatia
79%
Cuba
79%
Cyprus
79%
Czech Republic
79%
Democratic Republic
of the Congo
79%
Denmark
79%
Djibouti
79%
Dominica
79%
Dominican Republic
79%
East Timor
79%
Ecuador
79%
Egypt
79%
El Salvador
79%
Equatorial Guinea
79%
Eritrea
79%
Estonia
79%
Eswatini
79%
Ethiopia
79%
Federated States of
Micronesia
79%
Fiji
79%
Finland
79%
France
79%
Gabon
79%
Gambia
79%
Georgia
79%
Germany
79%
Ghana
79%
Greece
79%
Grenada
79%
Guatemala
79%
Guinea
79%
Guinea-Bissau
79%
Guyana
79%
Haiti
79%
Honduras
79%
Hungary
79%
Iceland
79%
India
79%
Indonesia
79%
Iran
79%
Iraq
79%
Ireland
79%
Italy
79%
Ivory Coast
79%
Jamaica
79%
Japan
79%
Jordan
79%
Kazakhstan
79%
Kenya
79%
Kiribati
79%
Kosovo
79%
Kuwait
79%
Kyrgyzstan
79%
Laos
79%
Latvia
79%
Lebanon
79%
Lesotho
79%
Liberia
79%
Libya
79%
Liechtenstein
79%
Lithuania
79%
Luxembourg
79%
Madagascar
79%
Malawi
79%
Malaysia
79%
Maldives
79%
Mali
79%
Marshall Islands
79%
Mexico
79%
Zambia
79%
Israel
76%
Malta
76%
Mauritania
76%
Mauritius
76%
Moldova
76%
Mongolia
76%
Montenegro
76%
Morocco
76%
Mozambique
76%
Myanmar
76%
Namibia
76%
Nauru
76%
Nepal
76%
Netherlands
76%
New Zealand
76%
Nicaragua
76%
Niger
76%
Nigeria
76%
North Korea
76%
North Macedonia
76%
Norway
76%
Oman
76%
Pakistan
76%
Palau
76%
Panama
76%
Papua New Guinea
76%
Paraguay
76%
Peru
76%
Philippines
76%
Poland
76%
Portugal
76%
Romania
76%
Russia
76%
Rwanda
76%
Saint Kitts and Nevis
76%
Saint Lucia
76%
Saint Vincent and the
Grenadines
76%
Samoa
76%
Saudi Arabia
76%
Senegal
76%
Serbia
76%
Sierra Leone
76%
Slovakia
76%
Slovenia
76%
Solomon Islands
76%
Somalia
76%
South Africa
76%
South Korea
76%
South Sudan
76%
Spain
76%
Sri Lanka
76%
Sudan
76%
Suriname
76%
Sweden
76%
Switzerland
76%
Tajikistan
76%
Tanzania
76%
Uganda
76%
Ukraine
76%
United Arab Emirates
76%
United Kingdom
76%
United States
76%
Uruguay
76%
Uzbekistan
76%
Vanuatu
76%
Vatican City
76%
Venezuela
76%
Vietnam
76%
Yemen
76%
Monaco
72%
Qatar
72%
Republic of the Congo
72%
San Marino
72%
Seychelles
72%
Singapore
72%
Syria
72%
Taiwan
72%
Thailand
72%
Togo
72%
Tonga
72%
Trinidad and Tobago
72%
Tunisia
72%
Turkey
72%
Turkmenistan
72%
Tuvalu
72%
São Tomé and Príncipe
69%

Score Distribution

Percentile by Number Answered

Percent of People with Each Score

Your Score History

You have not taken this quiz